| 000 | 00608cam a2200181 a 4500 | ||
|---|---|---|---|
| 020 | _a0471157511 (acidfree paper) | ||
| 040 | _cDLC | ||
| 082 | 0 | 0 | _a616 JOH 1996 A055 Or. |
| 100 | 1 | _aBrowning, Charles H. | |
| 245 | 1 | 0 |
_aHow to partner with managed care : _ba "do-it-yourself kit" for building working relationships & getting steady referrals, expanded edition / |
| 250 | _aExpanded ed. | ||
| 260 |
_aNew York : _bJohn Wiley, _cc1996. |
||
| 300 |
_axxvii, 366 p. : _bill. ; _c24 cm. |
||
| 650 | 0 | _aManaged mental health care. | |
| 650 | 0 | _aPsychotherapy | |
| 700 | 1 | _aBrowning, Beverley J., | |
| 942 | _cEK | ||
| 999 |
_c15364 _d15364 |
||